00421 2200169 4500001002100000005001500021008004100036035001900077041000700096082001100103090001700114100002300131245002800154260003600182300001900218650001400237INLIS00000000001766720241224115344241224||||||||| | ||| |||| || |  0010-1224017667 aid0 a658.02 a658.02 NIT p0 aAlex S. Nitisemito00aPembelanjaan Perusahaan aJakartabGhalia Indonesiac1978 a288hlm;15x20cm 0amanajemen